00938ngm a2200241 a 450000500170000000800410001708200180005824500870007625000190016330000620018249000140024450000900025865000640034865000470041270000370045994200200049626400420051633600270055833700330058533800280061804000350064699900150068120220317001252.0160825s1968 ck g 000 0 spa 04a791.43bM14ms10aMemorias del subdesarrollocdirección Tomás Gutiérrez Aleahvideograbación a1a. edición  a1 Videocasete en VHS (97 minutos)bsonido, color c20 cm  aLa maleta aLa película pertenece a la colección La Maleta. Dirigida para un público adulto142LEMBaPelículas cinematográficas cubanasvVideocasetes 142LEMB aCine latinoamericanovVideocasetes 1 aGutiérrez Alea, Tomás968529 2ddccVIDEOCASET aBogotábMinisterio de Culturac1968 atextobtxt2rdacontent asin mediaciónbn2rdamedia avolumenbnc2rdacarrier aCO-BoRNBPbspaerdacCO-BoRNBP c6442d6442